000 00491nam a2200193Ia 4500
005 20240823043529.0
008 240823s9999||||xx |||||||||||||| ||und||
020 _a81-820-9020-2
041 _aENGLISH
082 _A004.22 P4
100 _aParthasarathy S V etal et al.
245 0 _aAdvanced Computer Architecture
250 _a1st
260 _c2004
_bVijay N
500 _aTRANSFERED
650 _aComputer Architecture
_bComputer Applications
942 _cBK
999 _c210442
_d210442